|
|
|
|
| LEADER |
00000nam0a2200000 4500 |
| 001 |
13206 |
| 005 |
20231030184858.0 |
| 010 |
|
|
|a 5020082996
|
| 035 |
|
|
|a (RuTPU)RU\TPU\book\13288
|
| 035 |
|
|
|a BOOK00000026
|
| 090 |
|
|
|a 13206
|
| 100 |
|
|
|a 20011209d1999 km y0rusy50 ca
|
| 101 |
0 |
|
|a rus
|
| 102 |
|
|
|a RU
|
| 105 |
|
|
|a y z 000zy
|
| 200 |
1 |
|
|a Общая теория роста человечества
|e Сколько людей жило, живет и бужет жить на Земле
|f С. П. Капица
|
| 210 |
|
|
|a Москва
|c Наука
|d 1999
|
| 215 |
|
|
|a 189 с.
|
| 610 |
1 |
|
|a население мира
|
| 610 |
1 |
|
|a теория
|
| 610 |
1 |
|
|a Россия
|
| 610 |
1 |
|
|a демография
|
| 686 |
|
|
|a С70
|v LBC/SL-A
|2 rubbk
|
| 700 |
|
1 |
|a Капица
|b С. П.
|g Сергей Петрович
|
| 801 |
|
0 |
|a RU
|b 63413507
|c 20011209
|g PSBO
|
| 801 |
|
2 |
|a RU
|b 63413507
|c 20071220
|g PSBO
|
| 942 |
|
|
|c BK
|